000 00582nam a22001937a 4500
003 OSt
005 20180116183042.0
008 160224b xxu||||| |||| 00| 0 eng d
020 _a16-300-2014-2
024 _216-300-2014-2
040 _cLahore University of Management Sciences
082 _a174.4 LUM 2014
100 _aSHEHZAD CT
245 _aPAKISTAN'S STRUGGLE AGAINST CORRUPTION
_cSHEHZAD CT
260 _aLahore
_bLahore University of Management Sciences
_c2014
300 _a47 p.
_bPapers
440 _aPAKISTAN'S STRUGGLE AGAINST CORRUPTION
942 _2ddc
_cCS
999 _c351300
_d351300